Welcome to CU Library Online Public Access Catalogue (OPAC)

Cost management : (Record no. 2832)

MARC details
000 -LEADER
fixed length control field 01029cam a2200265 a 4500
001 - CONTROL NUMBER
control field 13834530
005 - DATE AND TIME OF LATEST TRANSACTION
control field 20250122165309.0
008 - FIXED-LENGTH DATA ELEMENTS--GENERAL INFORMATION
fixed length control field 050107s2006 ohua b 001 0 eng
020 ## - INTERNATIONAL STANDARD BOOK NUMBER
International Standard Book Number 0324233108
020 ## - INTERNATIONAL STANDARD BOOK NUMBER
International Standard Book Number 9780324233100
050 00 - LIBRARY OF CONGRESS CALL NUMBER
Classification number HF5686.C8
Item number H239 2006
100 1# - MAIN ENTRY--PERSONAL NAME
Personal name Hansen, Don R.
245 10 - TITLE STATEMENT
Title Cost management :
Remainder of title accounting and control, 5e /
Statement of responsibility, etc. Don R. Hansen, Maryanne M. Mowen.
250 ## - EDITION STATEMENT
Edition statement 5th ed.
260 ## - PUBLICATION, DISTRIBUTION, ETC.
Place of publication, distribution, etc. Mason, Ohio :
Name of publisher, distributor, etc. Thomson/South-Western,
Date of publication, distribution, etc. c2006.
300 ## - PHYSICAL DESCRIPTION
Extent xxvii, 1004 p. :
Other physical details col. ill. ;
Dimensions 29 cm.
650 #0 - SUBJECT ADDED ENTRY--TOPICAL TERM
Topical term or geographic name entry element Cost accounting.
650 #0 - SUBJECT ADDED ENTRY--TOPICAL TERM
Topical term or geographic name entry element Activity-based costing.
650 #0 - SUBJECT ADDED ENTRY--TOPICAL TERM
Topical term or geographic name entry element Managerial accounting.
700 1# - ADDED ENTRY--PERSONAL NAME
Personal name Mowen, Maryanne M.
856 42 - ELECTRONIC LOCATION AND ACCESS
Materials specified Publisher description
Uniform Resource Identifier <a href="http://www.loc.gov/catdir/enhancements/fy1215/2005920267-d.html">http://www.loc.gov/catdir/enhancements/fy1215/2005920267-d.html</a>
856 41 - ELECTRONIC LOCATION AND ACCESS
Materials specified Table of contents only
Uniform Resource Identifier <a href="http://www.loc.gov/catdir/enhancements/fy1215/2005920267-t.html">http://www.loc.gov/catdir/enhancements/fy1215/2005920267-t.html</a>
856 42 - ELECTRONIC LOCATION AND ACCESS
Materials specified Contributor biographical information
Uniform Resource Identifier <a href="http://www.loc.gov/catdir/enhancements/fy1302/2005920267-b.html">http://www.loc.gov/catdir/enhancements/fy1302/2005920267-b.html</a>
942 ## - ADDED ENTRY ELEMENTS (KOHA)
Source of classification or shelving scheme Library of Congress Classification
Koha item type Books
Edition 5th Ed.
Suppress in OPAC No
999 ## -
-- 2832
-- 2832
Holdings
Withdrawn status Lost status Source of classification or shelving scheme Damaged status Not for loan Collection Home library Current library Shelving location Date acquired Total checkouts Full call number Barcode Date last seen Copy number Price effective from Koha item type
    Library of Congress Classification     Non-fiction Business Library (Miotso) Business Library (Miotso) General stacks 01/22/2025   HF5686.C8 H239 2006 BSSM00000553 01/22/2025 1 01/22/2025 Books
© 2023-2024 Copyright: Central University Libraries. All Rights Reserved | Created by: Mahone Tech Office